Sin miedo a los medios

Shranjeno v:
Bibliografske podrobnosti
Main Authors: Gabrijelcic, Claudia (Author), Roca, Estela Marta (Author), Santisi, Gabriel (Author), Zambella, María Elena (Author), Llorens, Gabriel (Author)
Format: Knjiga
Jezik:španščina
Izdano: Buenos Aires Lugar 1998
Serija:Reflexiones y Propuestas
Teme:
Oznake: Označite
Brez oznak, prvi označite!

MARC

LEADER 00000nam a2200000 a 4500
001 UCM5734
003 CL-VaPUC
008 021018e19980000AG |||||||||||||||||spa|d
082 0 4 |a 371.335  |b GAB  |2 21 
100 0 |a Gabrijelcic, Claudia  |e author  |9 471843 
700 0 |a Roca, Estela Marta  |e author  |9 471844 
700 0 |a Santisi, Gabriel  |e author  |9 471845 
700 0 |a Zambella, María Elena  |e author  |9 471846 
700 0 |a Llorens, Gabriel  |e author  |9 471847 
245 1 0 |a Sin miedo a los medios 
300 |a 124 p 
942 |c BK 
945 |d 20021018 00:00:00  |a cmena 
260 |a Buenos Aires  |b Lugar  |c 1998 
650 0 |a Métodos de enseñanza  |9 270413 
650 0 |a Medios de comunicación de masas  |9 257273 
650 7 |a MEDIOS DE COMUNICACION ESCRITO  |2 CL-VaPUC  |9 471848 
650 0 |a Prensa  |9 258117 
650 0 |a Publicidad  |9 314572 
650 0 |a Televisión  |9 256845 
583 |a last modification  |c 20021018 00:00:00  |k Rodrigo Vera 
490 0 |a Reflexiones y Propuestas 
999 |c 301593  |d 301591 
952 |0 0  |1 0  |4 0  |6 371_335000000000000_GAB_1998  |7 0  |8 A  |9 360765  |a BIBCUR  |b BIBCUR  |d 2019-11-21  |i 384546K  |o 371.335 GAB 1998  |p 384546K  |r 2024-01-29  |w 2019-11-21  |y BK  |k PER